| 000 | 00374nam a2200133Ia 4500 | ||
|---|---|---|---|
| 008 | 220204s9999 xx 000 0 und d | ||
| 020 | _a8187439084 | ||
| 082 |
_a678.4:016TPD _bRRI |
||
| 100 | _aJose, Mercy | ||
| 245 | 0 | _aTapping panel dryness: An annotated bibliography | |
| 260 |
_aKottayam _bRubber Research Institute of India _c2005 |
||
| 700 | _aLatha, N | ||
| 942 | _cBK | ||
| 999 |
_c44228 _d44228 |
||